Computers are your future. (Record no. 11454)
[ view plain ]
| 000 -LEADER | |
|---|---|
| fixed length control field | 01327cam a22002654a 4500 |
| 001 - CONTROL NUMBER | |
| control field | 15519888 |
| 005 - DATE AND TIME OF LATEST TRANSACTION | |
| control field | 20081202110513.0 |
| 008 - FIXED-LENGTH DATA ELEMENTS--GENERAL INFORMATION | |
| fixed length control field | 081113s2008 njua 001 0 eng |
| 010 ## - LIBRARY OF CONGRESS CONTROL NUMBER | |
| LC control number | 2008279036 |
| 020 ## - INTERNATIONAL STANDARD BOOK NUMBER | |
| International Standard Book Number | 0131580140 |
| 040 ## - CATALOGING SOURCE | |
| Original cataloging agency | DLC |
| Transcribing agency | DLC |
| 050 00 - LIBRARY OF CONGRESS CALL NUMBER | |
| Classification number | QA76.5 |
| Item number | .D24563 2008 |
| 082 00 - DEWEY DECIMAL CLASSIFICATION NUMBER | |
| Classification number | 004 |
| Edition number | 22 |
| Item number | DAL |
| 100 1# - MAIN ENTRY--PERSONAL NAME | |
| Personal name | Daley, William, |
| Dates associated with a name | 1953- . |
| 9 (RLIN) | 4423 |
| 245 10 - TITLE STATEMENT | |
| Title | Computers are your future. |
| Statement of responsibility, etc | Bill Daley. |
| 250 ## - EDITION STATEMENT | |
| Edition statement | Complete 9th ed. |
| 260 ## - PUBLICATION, DISTRIBUTION, ETC. (IMPRINT) | |
| Place of publication, distribution, etc | Upper Saddle River, NJ : |
| Name of publisher, distributor, etc | Pearson Prentice Hall, |
| Date of publication, distribution, etc | 2008. |
| 300 ## - PHYSICAL DESCRIPTION | |
| Extent | xv, 607 p. : |
| Other physical details | ill. (chiefly col.) ; |
| Dimensions | 28 cm. |
| 500 ## - GENERAL NOTE | |
| General note | Includes index. |
| 505 0# - FORMATTED CONTENTS NOTE | |
| Formatted contents note | Computers & you -- The internet & the world wide web--Wired & wireless communication -- System software -- Application software : tools for productivity -- Inside the system unit -- Input/output and storage -- Networks : communicating and sharing resources -- Careers and certification -- Programming languages and program development -- Databases and information systems -- Systems analysis and design -- Enterprise computing -- Emerging technologies. |
| 650 #0 - SUBJECT ADDED ENTRY--TOPICAL TERM | |
| Topical term or geographic name as entry element | Computers. |
| 9 (RLIN) | 4424 |
| 942 ## - ADDED ENTRY ELEMENTS (KOHA) | |
| Source of classification or shelving scheme | Dewey Decimal Classification |
| Item type | Book - Borrowing |
| Withdrawn status | Item status | Source of classification or shelving scheme | Damaged status | Not for loan | Vendor | Home library | Current library | Shelving location | Date acquired | Source of acquisition | Cost, normal purchase price | Serial Enumeration / chronology | Total Checkouts | Full call number | Barcode | Date last seen | Date last borrowed | Koha item type |
|---|---|---|---|---|---|---|---|---|---|---|---|---|---|---|---|---|---|---|
| Dewey Decimal Classification | Alahram | Central Library | Central Library | Lower Floor | 29/04/2009 | 225.00 | 374 | 2 | 004 DAL | 000016218 | 15/07/2025 | 19/11/2016 | Book - Borrowing |